| 000 | 00441nam a2200193Ia 4500 | ||
|---|---|---|---|
| 005 | 20240823055420.0 | ||
| 008 | 240823s9999||||xx |||||||||||||| ||und|| | ||
| 020 | _a978-0-07-086731-0 | ||
| 041 | _aENGLISH | ||
| 082 | _A530.124 Q1 | ||
| 100 | _aCrawfordm Frank S | ||
| 245 | 0 | _aWaves Vol 3 | |
| 250 | _a1st | ||
| 260 |
_c2011 _b"Tata Mcgraw Hill,New " |
||
| 500 | _aYES | ||
| 650 |
_aWave _bPhysics |
||
| 942 | _cBK | ||
| 999 |
_c228725 _d228725 |
||